| 000 | 00924cam a2200289 a 4500 | ||
|---|---|---|---|
| 001 | 1948652 | ||
| 003 | ARRUPE | ||
| 005 | 20150108134509.0 | ||
| 008 | 870304s1987 miu b 000 0 eng | ||
| 010 | _a 87006579 | ||
| 020 | _a0879076003 | ||
| 040 |
_aDLC _cDLC _dDLC |
||
| 041 | 1 |
_aeng _hlat |
|
| 050 | 0 | 0 |
_aBX1749 _b.P34213 1987 |
| 082 | 0 | 0 |
_a230/.2 _219 |
| 100 | 0 |
_aPeter of Celle _cof Celle _dapproximately 1115-1183. _913218 |
|
| 240 | 1 | 0 |
_aWorks. _kSelections. _lEnglish. _f1987 |
| 245 | 1 | 0 |
_aPeter of Celle, selected works / _ctranslated by Hugh Feiss. |
| 260 |
_aKalamazoo, Mich. : _bCistercian Publications, _cc1987. |
||
| 300 |
_aiv, 203 p. ; _c23 cm. |
||
| 440 | 0 |
_aCistercian studies series ; _vno. 100 _913219 |
|
| 504 | _aBibliography: p. 191-203. | ||
| 650 | 0 |
_aTheology. _913220 |
|
| 700 | 1 |
_aFeiss, Hugh (tr) _913221 |
|
| 906 |
_a7 _bcbc _corignew _d1 _eocip _f19 _gy-gencatlg |
||
| 942 |
_2lcc _cMONOGRAPH |
||
| 999 |
_c121442 _d121442 |
||